000
00259nam a2200097Ia 4500
008
220204s9999 xx 000 0 und d
082
_a
351(548.3)
_b
KER
245
0
_a
Kerala state administration report for 1972-73
260
_b
Govt of Kerala
_c
1975
942
_c
BK
999
_c
23332
_d
23332